[Event "Berkshire Berks & Bucks op-B"]
[Site "Berkshire"]
[Date "2023.08.28"]
[Round "6"]
[White "Ivan, Austin"]
[Black "Kamath, Gaurav"]
[Result "1/2-1/2"]
[WhiteElo "1584"]
[BlackElo "1991"]
[PlyCount "25"]
[EventDate "2023.08.26"]
[EventType "swiss"]
[EventRounds "6"]
[EventCountry "ENG"]
[SourceTitle "EXT 2024"]
[Source "ChessBase"]
[SourceDate "2023.10.10"]
[SourceVersion "1"]
[SourceVersionDate "2023.10.10"]
[SourceQuality "1"]

1. d4 Nf6 2. Bf4 e6 3. e3 d5 4. Qf3 c5 5. Nc3 c4 6. g4 Bb4 7. Nge2 Qa5 8. 0-0-0 e5 9. dxe5 Bxg4 10. Qg3 Bxe2 11. Bxe2 Bxc3 12. exf6 Bxb2+ 13. Kxb2 1/2-1/2

[Event "Berkshire Berks & Bucks op-B"]
[Site "Berkshire"]
[Date "2023.08.28"]
[Round "5"]
[White "Kamath, Gaurav"]
[Black "Wenninger, Maxim"]
[Result "1-0"]
[WhiteElo "1991"]
[BlackElo "1543"]
[PlyCount "187"]
[EventDate "2023.08.26"]
[EventType "swiss"]
[EventRounds "6"]
[EventCountry "ENG"]
[SourceTitle "EXT 2024"]
[Source "ChessBase"]
[SourceDate "2023.10.10"]
[SourceVersion "1"]
[SourceVersionDate "2023.10.10"]
[SourceQuality "1"]

1. e4 c6 2. d4 d5 3. Nc3 dxe4 4. Nxe4 Nf6 5. Ng3 h5 6. h4 Bg4 7. Qd3 c5 8. f3 Be6 9. dxc5 Qa5+ 10. Bd2 Qxc5 11. Rd1 Nc6 12. N1e2 Bc4 13. Qe3 e6 14. Qxc5 Bxc5 15. b3 Nb4 16. Nd4 Bxf1 17. Kxf1 Rd8 18. Bxb4 Bxb4 19. Rd3 Bc5 20. Nb5 Rxd3 21. cxd3 Nd5 22. Ne4 Bb6 23. Ned6+ Ke7 24. Nc4 Rd8 25. Nxb6 Nxb6 26. Ke2 Nd5 27. g3 a6 28. Nd4 Nc3+ 29. Ke3 Nxa2 30. Ra1 Nb4 31. Rc1 Nd5+ 32. Ke4 Rd7 33. Rc5 Rc7 34. Nf5+ Kf6 35. Rxc7 Nxc7 36. Nd6 b6 37. g4 hxg4 38. fxg4 Nd5 39. Nc4 Ke7 40. h5 Kf6 41. Ne5 Nc3+ 42. Kd4 Ne2+ 43. Ke4 Nc3+ 44. Kd4 Nd5 45. Nf3 Ke7 46. Ne5 Nf6 47. Nc6+ Kd6 48. Ne5 Ke7 49. Nc6+ Ke8 50. Ne5 Nd7 51. Nf3 Ke7 52. g5 Nf8 53. Ne5 f6 54. Nc6+ Kd6 55. gxf6 gxf6 56. Nb4 a5 57. Nc2 Nh7 58. Kc4 e5 59. Kb5 Kc7 60. Ne3 Kb7 61. Nd5 f5 62. Nxb6 f4 63. Nc4 f3 64. Nxa5+ Kc7 65. Nc4 f2 66. Nd2 Ng5 67. Nf1 e4 68. Kc4 exd3 69. Kxd3 Kb6 70. Ke3 Kb5 71. Kxf2 Kb4 72. Nd2 Kc3 73. Ke3 Nf7 74. Ke4 Kb4 75. Kd5 Nh6 76. Ke5 Ng8 77. Kf5 Nh6+ 78. Kg6 Ng4 79. h6 Nxh6 80. Kxh6 Kb5 81. Kg5 Kb4 82. Kf5 Kb5 83. Ke5 Kb4 84. Kd4 Kb5 85. Kc3 Kb6 86. Kc4 Kc6 87. b4 Kb6 88. b5 Kb7 89. Kc5 Kc7 90. b6+ Kb7 91. Nc4 Kb8 92. Kc6 Kc8 93. b7+ Kb8 94. Ne5 1-0

[Event "Berkshire Berks & Bucks op-B"]
[Site "Berkshire"]
[Date "2023.08.26"]
[Round "1"]
[White "Kamath, Gaurav"]
[Black "Hariharan, Shambavi"]
[Result "0-1"]
[WhiteElo "1991"]
[BlackElo "1612"]
[PlyCount "55"]
[EventDate "2023.08.26"]
[EventType "swiss"]
[EventRounds "6"]
[EventCountry "ENG"]
[SourceTitle "EXT 2024"]
[Source "ChessBase"]
[SourceDate "2023.10.10"]
[SourceVersion "1"]
[SourceVersionDate "2023.10.10"]
[SourceQuality "1"]

1. e4 c6 2. d4 d5 3. Nc3 dxe4 4. Nxe4 Bf5 5. Ng3 Bg6 6. Nh3 h6 7. Nf4 Bh7 8. d5 Nf6 9. c4 cxd5 10. cxd5 Nbd7 11. Qb3 Qb6 12. Be3 Qxb3 13. axb3 g5 14. Ne6 fxe6 15. dxe6 Ne5 16. Bb5+ Nc6 17. Ra6 Rc8 18. Rxa7 Bg7 19. Rxb7 0-0 20. h4 g4 21. 0-0 Nd5 22. Bd2 Ne5 23. Bd7 Rc2 24. Rd1 Nd3 25. Nh1 Nxb2 26. Rc1 Rxd2 27. Bc6 Nd3 28. Ra1 0-1

[Event "Berks & Bucks op"]
[Site "Maidenhead"]
[Date "2022.08.29"]
[Round "5"]
[White "Davies, Peter L"]
[Black "Kamath, Gaurav"]
[Result "1/2-1/2"]
[WhiteElo "1911"]
[BlackElo "1855"]
[PlyCount "68"]
[EventDate "2022.08.27"]
[EventType "swiss"]
[EventRounds "6"]
[EventCountry "ENG"]
[SourceTitle "CBM 210 Extra"]
[Source "ChessBase"]
[SourceDate "2022.11.30"]
[SourceVersion "1"]
[SourceVersionDate "2022.11.30"]
[SourceQuality "1"]

1. e4 c5 2. c3 Nf6 3. e5 Nd5 4. d4 cxd4 5. cxd4 e6 6. Nc3 Bb4 7. Bd2 Qa5 8. Qc2 Nc6 9. Nf3 d6 10. exd6 Bxd6 11. g3 Ndb4 12. Qb1 Qh5 13. Bg2 e5 14. Nb5 Bb8 15. 0-0 Bf5 16. Qd1 Bd3 17. Bxb4 Bxf1 18. Qxf1 Nxb4 19. Qc4 Nc6 20. d5 Nd8 21. Nc7+ Bxc7 22. Qxc7 0-0 23. Nxe5 Re8 24. Nd3 Qf5 25. Nf4 Rc8 26. Qa5 Qc2 27. Qb5 Re5 28. Qd7 Qc7 29. Qb5 a6 30. Qa4 g5 31. Nd3 Re2 32. Qg4 Qc2 33. Qxg5+ Kh8 34. Qf6+ Kg8 1/2-1/2

[Event "Berks & Bucks op"]
[Site "Maidenhead"]
[Date "2022.08.27"]
[Round "2"]
[White "Kamath, Gaurav"]
[Black "Hackett, David G"]
[Result "0-1"]
[WhiteElo "1855"]
[BlackElo "2056"]
[PlyCount "88"]
[EventDate "2022.08.27"]
[EventType "swiss"]
[EventRounds "6"]
[EventCountry "ENG"]
[SourceTitle "CBM 210 Extra"]
[Source "ChessBase"]
[SourceDate "2022.11.30"]
[SourceVersion "1"]
[SourceVersionDate "2022.11.30"]
[SourceQuality "1"]

1. d4 Nf6 2. Bf4 g6 3. e3 Bg7 4. Nf3 d6 5. Bd3 0-0 6. 0-0 Nc6 7. Nbd2 Re8 8. e4 e5 9. dxe5 dxe5 10. Bg5 h6 11. Bh4 Be6 12. a3 Qd6 13. Re1 Rad8 14. Qe2 g5 15. Bg3 Bg4 16. Qe3 Nh5 17. h3 Bxf3 18. Qxf3 Nf4 19. Bxf4 exf4 20. Nc4 Qe6 21. c3 b5 22. Nd2 Ne5 23. Qe2 Nxd3 24. Reb1 Ne5 25. Nf3 Nxf3+ 26. Qxf3 Qxe4 27. Qg4 f3 28. gxf3 Qxg4+ 29. fxg4 Re2 30. Rd1 Rxd1+ 31. Rxd1 Rxb2 32. Rd8+ Bf8 33. Ra8 Kg7 34. Rxa7 Bd6 35. Rb7 Ra2 36. Rxb5 Rxa3 37. h4 gxh4 38. Rh5 Be7 39. c4 Ra4 40. Re5 Bd6 41. Re4 h3 42. f4 Ra2 43. Kh1 Rf2 44. Re3 Rf1+ 0-1